[Event "Pays de Charleroi Open"]
[Site "Charleroi BEL"]
[Date "2011.08.03"]
[Round "6.4"]
[White "Rooze,J"]
[Black "De Villers,M"]
[Result "1/2-1/2"]
[WhiteElo "2363"]
[BlackElo "2121"]

1.e4 c5 2.Nf3 d6 3.Bb5+ Bd7 4.Bxd7+ Qxd7 5.O-O Nc6 6.Qe2 Nf6 7.Rd1 e6 8.d4 cxd4
9.Nxd4 a6 10.c4 Nxd4 11.Rxd4 Qc7 12.b3 Be7 13.Bb2 Nd7 14.Nc3 O-O 15.Rad1 Rfd8
16.R4d3 Ne5 17.Rh3 Ng6 18.Qh5 h6 19.Ne2 Qc5 20.Qg4 Qg5 21.Qxg5 hxg5 22.Nd4 Rac8
23.Rhd3 Bf6 24.R3d2 d5 25.exd5 exd5 26.cxd5 Rxd5 27.Ne2  1/2-1/2

[Event "50th World Juniors"]
[Site "Chennai IND"]
[Date "2011.08.03"]
[Round "2.17"]
[White "Roganovic,Milo"]
[Black "Sapozhnikov,R"]
[Result "1/2-1/2"]
[WhiteElo "2476"]
[BlackElo "2295"]

1.e4 c5 2.Nf3 d6 3.Bb5+ Bd7 4.Bxd7+ Qxd7 5.O-O Nc6 6.c3 Nf6 7.Qe2 e6 8.d4 cxd4
9.cxd4 d5 10.e5 Ne4 11.Be3 Be7 12.Ne1 f5 13.f3 Ng5 14.Bxg5 Bxg5 15.f4 Be7
16.Nf3 O-O 17.Nbd2 a5 18.a4 Nb4 19.Rfc1 Rfc8 20.Rc3 b6 21.Rac1 Na2 22.Qb5 Rd8
23.Qxd7 Rxd7 24.Rc8+ Rd8 25.Rxd8+ Bxd8 26.Rc6 Nb4 27.Rxe6 Kf7 28.Rd6 Ke7
29.Nh4 g6 30.Ndf3 Rc8 31.Ng5 Nd3 32.g3 Rc1+ 33.Kg2 Rc2+ 34.Kf3 Ke8 35.Nxh7 Ne1+
36.Ke3 Bxh4 37.gxh4 Ng2+ 38.Kf3 Ne1+ 39.Kg3 Rg2+ 40.Kh3 Rxb2 41.Rxg6 Nd3
42.Kg3 Rb3 43.Rg5 Nxe5+ 44.Kf2 Rb2+ 45.Ke3 Ng4+ 46.Kd3 Nf2+ 47.Ke3 Ng4+ 48.Kd3 Nf2+  1/2-1/2

[Event "Politiken Cup"]
[Site "Helsingor DEN"]
[Date "2011.08.03"]
[Round "6.25"]
[White "Pavlovskaia,E"]
[Black "Lindberg,Be"]
[Result "0-1"]
[WhiteElo "2175"]
[BlackElo "2391"]

1.e4 c5 2.Nf3 d6 3.Bb5+ Bd7 4.Bxd7+ Qxd7 5.d3 Nc6 6.Be3 g6 7.c3 Bg7 8.Qd2 Nf6
9.h3 b6 10.Na3 Ne5 11.Nxe5 dxe5 12.Nc4 Rd8 13.O-O Nh5 14.Rad1 b5 15.Na3 Qc6
16.Bh6 Bxh6 17.Qxh6 a6 18.Nc2 Nf4 19.Qg7 Qf6 20.Qxf6 exf6 21.d4 exd4 22.cxd4 cxd4
23.Kh2 d3 24.Nb4 a5 25.Nc6 Rd6 26.Nxa5 Ke7 27.Rd2 Rc8 28.Nb3 Rc2 29.Rfd1 Ne6
30.Kg3 Ng5 31.f3 Ne6 32.Rxd3 Rxd3 33.Rxd3 Rxb2 34.Rd2 Rxd2 35.Nxd2 Kd6 36.Nb3 Nc5
37.Nd4 b4 38.Kf4 Nd3+ 39.Ke3 Nc1 40.Kd2 Nxa2 41.Kc2 Nc3 42.g3 Kc5 43.Kd3 Nd1
44.Nb3+ Kb5 45.h4 Ka4 46.Nc5+ Ka3 47.Kd2 Nb2 48.f4 b3 49.g4 Nc4+ 50.Kc3 b2  0-1

[Event "29th World Junior Girls"]
[Site "Chennai IND"]
[Date "2011.08.04"]
[Round "3.17"]
[White "Akshaya,A"]
[Black "Saranya,J"]
[Result "0-1"]
[WhiteElo "1966"]
[BlackElo "2121"]

1.e4 c5 2.Nf3 d6 3.Bb5+ Bd7 4.Bxd7+ Qxd7 5.O-O Nc6 6.c3 d5 7.d3 Rd8 8.e5 e6
9.Re1 Nge7 10.Nbd2 Ng6 11.Nf1 Be7 12.Ng3 O-O 13.Qe2 Rde8 14.Nh5 f5 15.Nf4 Nh8
16.h4 Bd8 17.d4 h6 18.h5 Qf7 19.dxc5 Bc7 20.b4 g5 21.hxg6 Nxg6 22.Nd3 f4
23.a4 Qg7 24.b5 Na5 25.Ba3 Nc4 26.c6 Rf5 27.Bc5 b6 28.Bd4 Kh7 29.Nb2 Nxb2
30.Qxb2 Rg8 31.Kf1 Nxe5 32.Rxe5 Bxe5 33.Bxe5 Qxg2+ 34.Ke2 Rg3 35.Ne1 Rxe5+
36.Kd1 Rxe1+ 37.Kxe1 Re3+ 38.Kd1 Qf1+  0-1

[Event "16th Creon Open"]
[Site "Creon FRA"]
[Date "2011.08.04"]
[Round "6.1"]
[White "Nevednichy,V"]
[Black "Solodovnichenko,Y"]
[Result "1/2-1/2"]
[WhiteElo "2523"]
[BlackElo "2615"]

1.e4 c5 2.Nf3 d6 3.Bb5+ Nd7 4.d4 Nf6 5.O-O a6 6.Bxd7+ Nxd7 7.Nc3 e6 8.Bg5 Qc7
9.d5 e5 10.a4 g6 11.Nd2 Bg7 12.Nc4 Nb6 13.Na3 Bd7 14.a5 Nc8 15.Nc4 O-O 16.Re1 Bb5
17.Na3 Bd7 18.Nc4 Bb5 19.Nd2 Bd7 20.Qc1 h6 21.Be3 f5 22.exf5 gxf5 23.f4 Kh7
24.Nc4 Rg8 25.Qd2 e4 26.Rab1 Rb8 27.Nb6 Be8 28.b4 cxb4 29.Ne2 Bc3 30.Nxc3 bxc3
31.Qd4 Na7 32.Rb4 Bh5 33.Bf2 Nb5 34.Rxb5 axb5 35.Re3 Qg7 36.Qxg7+ Rxg7 37.Rxc3 Rbg8
38.g3 Bd1 39.Bd4 Rf7 40.Kf2 h5 41.h4 Kh6 42.Ke1 Bf3 43.Kf2 Bd1 44.Ke1 Bf3
45.Kf2  1/2-1/2

[Event "Politiken Cup"]
[Site "Helsingor DEN"]
[Date "2011.08.04"]
[Round "7.61"]
[White "Andersson,C"]
[Black "Astrom,Lars"]
[Result "1-0"]
[WhiteElo "2134"]
[BlackElo "1871"]

1.e4 c5 2.Nf3 d6 3.Bb5+ Bd7 4.Bxd7+ Qxd7 5.O-O Nf6 6.e5 dxe5 7.Nxe5 Qc8 8.Nc3 e6
9.d4 Nbd7 10.Bf4 cxd4 11.Nb5 Nd5 12.Bg3 a6 13.Nxd4 Be7 14.Nf5 Nxe5 15.Bxe5 f6
16.Bg3 Kf7 17.Re1 Rd8 18.c4 exf5 19.cxd5 Qd7 20.Rc1 Rac8 21.Rxc8 Rxc8 22.d6 Bf8
23.Qd5+ Kg6 24.h4 Rd8 25.Rd1 h5 26.Bf4 Qf7 27.Qa5 Rd7 28.Rd3 Kh7 29.Qxf5+ g6
30.Qd5 Qxd5 31.Rxd5 Kg7 32.Rd3 Kf7 33.Rb3 Ke6 34.Kf1 Bxd6 35.Rb6 g5 36.hxg5 fxg5
37.Bxd6 Rxd6 38.Rxb7 Rd2 39.a4 Kf5 40.b4 Ra2 41.a5 Rb2 42.g3 h4 43.Kg2 Kg4
44.gxh4 gxh4 45.Rg7+ Kf5 46.Ra7 Rxb4 47.Rxa6 Rb2 48.Ra8 Ra2 49.Kh3 Kg5 50.a6 Ra3+
51.Kh2 Kg6 52.a7 Kg7 53.f4 Kh7 54.f5 Ra6 55.Kh3 Ra4 56.f6 Ra3+ 57.Kxh4 Ra4+
58.Kg3 Ra3+ 59.Kf4 Ra6 60.Ke5 Ra5+ 61.Kd4 Ra4+ 62.Kc3 Ra3+ 63.Kb2 Rf3 64.Rh8+ Kxh8
65.a8=Q+ Kh7 66.Qxf3  1-0

[Event "Prima Pack Cup GM2"]
[Site "Olomouc CZE"]
[Date "2011.08.04"]
[Round "2"]
[White "Gavrilov,Al1"]
[Black "Oparin,G"]
[Result "0-1"]
[WhiteElo "2481"]
[BlackElo "2356"]

1.e4 c5 2.Nf3 d6 3.Bb5+ Bd7 4.Bxd7+ Qxd7 5.c4 Nf6 6.Nc3 Nc6 7.d4 cxd4 8.Nxd4 g6
9.h3 Nxd4 10.Qxd4 Bg7 11.O-O O-O 12.Qd3 Rac8 13.Be3 a6 14.Rac1 b5 15.cxb5 axb5
16.e5 dxe5 17.Qxd7 Nxd7 18.Nxb5 e4 19.b3 f5 20.a4 Kf7 21.Rfd1 Rxc1 22.Rxc1 Rb8
23.Rc7 Ke6 24.Ba7 Ra8 25.a5 Be5 26.Rc1 Nf6 27.a6 Nd5 28.Rc4 Kd7 29.Bd4 Bxd4
30.Rxd4 e6 31.Ra4 Nc7 32.Nxc7 Kxc7 33.Ra5 Kb6 34.Re5 Re8 35.Kh2 Kxa6 36.Kg3 Kb6
37.Kf4 h6 38.h4 Kc6 39.Ra5 Kd6 40.Ra6+ Kd5 41.Ra5+ Kd4 42.Ra4+ Kd3 43.Ke5 g5
44.hxg5 hxg5 45.b4 Rb8 46.Kxe6 f4 47.Kf5 e3 48.fxe3 fxe3 49.Ra3+ Kd4 50.Kxg5 e2
51.Ra1 Rg8+ 52.Kh5  0-1

[Event "112th US Open"]
[Site "Orlando USA"]
[Date "2011.08.04"]
[Round "4"]
[White "Becerra Rivero,J"]
[Black "Liang,Awonder"]
[Result "1-0"]
[WhiteElo "2557"]
[BlackElo "1832"]

1.e4 c5 2.Nf3 d6 3.Bb5+ Bd7 4.a4 Nf6 5.d3 e6 6.O-O Be7 7.Re1 O-O 8.Nbd2 a6
9.Bc4 Nc6 10.c3 d5 11.Ba2 b5 12.Bb1 dxe4 13.dxe4 e5 14.Nf1 Be6 15.Bc2 Qxd1
16.Rxd1 c4 17.axb5 axb5 18.Bg5 b4 19.Bxf6 gxf6 20.Ba4 Rfc8 21.Ne3 bxc3 22.bxc3 Bc5
23.Nd5 Kg7 24.Bb5 Rxa1 25.Rxa1 Ne7 26.Bxc4 Bd6 27.Nd2 Rc5 28.Ne3 f5 29.Bxe6 fxe6
30.Ra6 Rxc3 31.Rxd6 f4 32.Nef1 Kf6 33.Rd7 Rc6 34.h4 h5 35.Nf3 Rc4 36.Ng5  1-0

[Event "8th Ostroda IM"]
[Site "Ostroda POL"]
[Date "2011.08.04"]
[Round "1.2"]
[White "Lisowski,K"]
[Black "Lach,A"]
[Result "1/2-1/2"]
[WhiteElo "2188"]
[BlackElo "2154"]

1.e4 c5 2.Nf3 d6 3.Bb5+ Nc6 4.O-O Bd7 5.c3 Nf6 6.Re1 a6 7.Bxc6 Bxc6 8.d4 Bxe4
9.Bg5 d5 10.Nbd2 Bxf3 11.Qxf3 e6 12.Bxf6 gxf6 13.c4 Be7 14.cxd5 Qxd5 15.Qxd5 exd5
16.dxc5 Kd7 17.Nb3 a5 18.a4 Rhe8 19.Rad1 Kc6 20.Rc1 Bf8 21.Nxa5+ Kc7 22.Rxe8 Rxe8
23.Kf1 Re4 24.b3 Rd4 25.Ke2 f5 26.Rc3 Re4+ 27.Kd3 Bg7 28.Rc2 f4 29.f3 Re3+
30.Kd2 Ba1 31.b4 d4 32.Rc4 f5 33.Kc2 Re2+ 34.Kd3 Re3+ 35.Kc2 Re2+ 36.Kd3 Re3+  1/2-1/2

[Event "15th HZ Open"]
[Site "Vlissingen NED"]
[Date "2011.08.04"]
[Round "7"]
[White "Van Haastert,E"]
[Black "Brookes,C"]
[Result "1/2-1/2"]
[WhiteElo "2421"]
[BlackElo "2056"]

1.e4 c5 2.Nf3 d6 3.Bb5+ Bd7 4.Bxd7+ Qxd7 5.O-O g6 6.c3 Nc6 7.d4 Nf6 8.d5 Ne5
9.Nxe5 dxe5 10.f3 Bg7 11.Be3 Rc8 12.a4 O-O 13.Qb3 Ne8 14.c4 Nd6 15.Nd2 f5
16.exf5 gxf5 17.Qc2 Bf6 18.Kh1 Kh8 19.b4 cxb4 20.Bxa7  1/2-1/2

[Event "Arad Open A"]
[Site "Arad ROU"]
[Date "2011.08.05"]
[Round "2.9"]
[White "Ardeleanu,A"]
[Black "Bartha,An"]
[Result "1-0"]
[WhiteElo "2394"]
[BlackElo "2025"]

1.e4 c5 2.Nf3 d6 3.Bb5+ Nc6 4.Bxc6+ bxc6 5.e5 d5 6.h3 Bf5 7.d3 e6 8.O-O h6
9.Qe2 g5 10.g4 Bg6 11.Re1 Ne7 12.Nc3 Nc8 13.b3 Be7 14.a4 a5 15.Nb1 h5 16.Nbd2 hxg4
17.hxg4 Kd7 18.Bb2 Nb6 19.Kg2 d4 20.Ne4 Nd5 21.Bc1 Bxe4 22.dxe4 Nc3 23.Qd3 Qg8
24.Bd2 Qh7 25.Ng1 Qh1+ 26.Kf1 Kc7 27.Bxc3 dxc3 28.Qxc3 c4 29.Qf3 Bc5 30.Qxh1 Rxh1
31.Kg2 Rh4 32.Kg3 Bd4 33.Nf3 Bxa1 34.Rxa1 Rh7 35.Nxg5 Rg7 36.f4 Rd8 37.Nf3 Kb6
38.bxc4 Kc5 39.Rb1 Kxc4 40.f5 Rgg8 41.g5 Kc3 42.g6 Kxc2 43.Rb6 c5 44.Ng5 c4
45.Kf4 exf5 46.exf5 fxg6 47.f6 Rc8 48.e6 Rgf8 49.Ne4 c3 50.Ke5 Rc4 51.e7 Re8
52.Nd6 Kd3 53.Nxc4 Kxc4 54.Rc6+ Kb3 55.Ke6  1-0

[Event "Arad Open A"]
[Site "Arad ROU"]
[Date "2011.08.05"]
[Round "2.12"]
[White "Toma,Ra"]
[Black "Anton,T"]
[Result "0-1"]
[WhiteElo "2025"]
[BlackElo "2355"]

1.e4 c5 2.Nf3 d6 3.Bb5+ Nd7 4.d4 Nf6 5.Nc3 a6 6.Bxd7+ Nxd7 7.dxc5 dxc5 8.O-O e6
9.Bf4 Be7 10.Qe2 b5 11.Rfd1 Qb6 12.e5 Bb7 13.a4 b4 14.Ne4 Bd5 15.c4 bxc3
16.bxc3 Qc6 17.Ned2 c4 18.Nd4 Qc7 19.Qg4 g5 20.Bxg5 Rg8 21.Ne4 Qxe5 22.Re1 Bxe4
23.Rxe4 Qxg5 24.Qf3 Rc8 25.Rae1 Nc5 26.Re5 Qg4  0-1

[Event "Montecatini Open A"]
[Site "Montecatini Terme ITA"]
[Date "2011.08.05"]
[Round "7"]
[White "Stromboli,C"]
[Black "Braga,F"]
[Result "1-0"]
[WhiteElo "2304"]
[BlackElo "2447"]

1.e4 c5 2.Nf3 d6 3.Bb5+ Nd7 4.c3 a6 5.Ba4 Nf6 6.Bc2 e5 7.O-O Be7 8.Re1 O-O
9.d4 b5 10.a4 Bb7 11.Nbd2 Qc7 12.Nf1 cxd4 13.cxd4 Rfc8 14.Re2 Bf8 15.Ng3 bxa4
16.Bxa4 Bc6 17.Bb3 h6 18.Bd2 Qb7 19.Bc2 Re8 20.dxe5 dxe5 21.Bc3 Bb4 22.Qe1 Bxc3
23.Qxc3 Rac8 24.Qa3 Bb5 25.Rd2 Nc5 26.Re1 Kh7 27.Nf5 Re6 28.Nd6 Rxd6 29.Rxd6 Kg8
30.Red1 Ne6 31.Bb3 Nf4 32.Rd8+ Rxd8 33.Rxd8+ Kh7 34.Qc5 Nxe4 35.Bc2 f5 36.Bxe4 Qxe4
37.h3 Qb1+ 38.Kh2 Qf1 39.Nh4 Ne2 40.Nf3 Nf4 41.Nh4 Ne2 42.f3 Bd3 43.Rxd3 f4
44.Qb6  1-0

[Event "Winsoft Cup IM1"]
[Site "Olomouc CZE"]
[Date "2011.08.05"]
[Round "3"]
[White "Wiley,To"]
[Black "Stachanczyk,J"]
[Result "1/2-1/2"]
[WhiteElo "2306"]
[BlackElo "2328"]

1.e4 c5 2.Nf3 d6 3.Bb5+ Nc6 4.Bxc6+ bxc6 5.O-O e5 6.c3 Bg4 7.d3 Be7 8.Nbd2 Nf6
9.Re1 O-O 10.h3 Bh5 11.Nf1 Nd7 12.Ng3 Bxf3 13.Qxf3 Bg5 14.Nf5 Bxc1 15.Raxc1 Qf6
16.Red1 g6 17.Qg3 Rfe8 18.f3 Kh8 19.Ne3 Qe6 20.Qg4 Nf8 21.b3 Qxg4 22.hxg4 Ne6
23.Nc2 a5 24.d4 cxd4 25.cxd4 a4 26.b4 Rec8 27.Kf2 Rab8 28.a3 Kg7 29.dxe5 dxe5
30.Ne1 c5 31.Nd3 cxb4 32.axb4 Rxc1 33.Rxc1 a3 34.Ra1 Nf4 35.Rxa3 Nxd3+ 36.Rxd3 Rxb4  1/2-1/2

[Event "98th ch-GBR"]
[Site "Sheffield ENG"]
[Date "2011.08.05"]
[Round "11"]
[White "Rendle,T"]
[Black "Gormally,D"]
[Result "0-1"]
[WhiteElo "2386"]
[BlackElo "2519"]

1.e4 c5 2.Nf3 d6 3.Bb5+ Bd7 4.Bxd7+ Qxd7 5.O-O Nf6 6.Qe2 Nc6 7.Rd1 g5 8.c3 g4
9.Nh4 Qe6 10.d3 d5 11.Na3 O-O-O 12.Re1 dxe4 13.dxe4 Qxe4 14.Be3 Qd3 15.Bxc5 Qxe2
16.Rxe2 Nd7 17.Be3 e6 18.Nb5 Be7 19.g3 a6 20.Nd4 Bxh4 21.gxh4 Nde5 22.Kg2 Rd5
23.Nxc6 Nxc6 24.Rae1 Rf5 25.Bh6 Rg8 26.Re4 Rh5 27.Bg5 h6 28.Bc1 e5 29.Rc4 Kd7
30.a4 f6 31.b4 Ne7 32.Rd1+ Ke6 33.Rc7 Nf5 34.Rxb7 Nxh4+ 35.Kf1 Nf3 36.Rb6+ Kf5
37.Ke2 Rxh2 38.Rdd6 Rh1 39.Bd2 Ke4 40.Rxf6 Ra1  0-1

[Event "20th Kavala Open"]
[Site "Kavala GRE"]
[Date "2011.08.06"]
[Round "9"]
[White "Sandipan,C"]
[Black "Marjanovic,Slavo"]
[Result "1-0"]
[WhiteElo "2656"]
[BlackElo "2469"]

1.e4 c5 2.Nf3 d6 3.Bb5+ Bd7 4.Bxd7+ Qxd7 5.c4 Nc6 6.d4 cxd4 7.Nxd4 Nf6 8.Nc3 Qg4
9.Qxg4 Nxg4 10.Nxc6 bxc6 11.b3 g6 12.Bb2 Bg7 13.Ke2 Nf6 14.Na4 O-O 15.f3 c5
16.e5 Nd7 17.exd6 exd6 18.Bxg7 Kxg7 19.Rad1 Nb6 20.Nc3 Rfd8 21.Rd2 Rd7 22.Rhd1 Re8+
23.Kf2 Red8 24.g4 a5 25.Ne4 f5 26.gxf5 gxf5 27.Rg1+ Kh8 28.Nf6 Rg7 29.Rxg7 Kxg7
30.Rxd6 Rb8 31.Nd5 Nxd5 32.Rxd5 a4 33.Rxf5 axb3 34.axb3 Rxb3 35.Rxc5 Rc3
36.Rc8 Kf6 37.c5 Ke6 38.Rc7 h5 39.h4 Rc4 40.Kg3 Kf6 41.c6 Rc2 42.Rc8 Ke7
43.Kf4 Rc5 44.Ke4 Rc4+ 45.Kd5 Ra4 46.Kc5 Rxh4 47.Rh8 Rh1 48.c7 Rc1+ 49.Kb6 Kd7
50.Rd8+  1-0

[Event "Prima Pack Cup GM2"]
[Site "Olomouc CZE"]
[Date "2011.08.06"]
[Round "4"]
[White "Chernyshov,K"]
[Black "Oparin,G"]
[Result "1-0"]
[WhiteElo "2552"]
[BlackElo "2356"]

1.e4 c5 2.Nf3 d6 3.Bb5+ Bd7 4.a4 Nc6 5.O-O Nf6 6.Re1 a6 7.Bxc6 Bxc6 8.e5 dxe5
9.Nxe5 Qd5 10.Nxc6 Qxc6 11.d3 e6 12.Nd2 b6 13.Nc4 Be7 14.b3 O-O 15.Bb2 Nd7
16.Ne5 Nxe5 17.Bxe5 Rfd8 18.Qg4 g6 19.h4 h5 20.Qf4 Bd6 21.Qf6 Bxe5 22.Rxe5 Rd5
23.Rae1 Qd6 24.Rxe6 fxe6 25.Qxg6+ Kh8 26.Qh6+ Kg8 27.Rxe6 Rd8 28.Rg6+  1-0

[Event "29th World Junior Girls"]
[Site "Chennai IND"]
[Date "2011.08.07"]
[Round "6.5"]
[White "Saranya,J"]
[Black "Padmini,R"]
[Result "1-0"]
[WhiteElo "2121"]
[BlackElo "2348"]

1.e4 c5 2.Nf3 d6 3.Bb5+ Nc6 4.O-O Bd7 5.c3 Nf6 6.Re1 a6 7.Bf1 Bg4 8.h3 Bh5
9.d3 e6 10.a4 Be7 11.Na3 O-O 12.Nc2 Rc8 13.g4 Bg6 14.Nh2 d5 15.e5 Nd7 16.f4 Bh4
17.Re2 f6 18.exf6 Qxf6 19.Rg2 h6 20.Be2 Rce8 21.Nf3 Qe7 22.g5 hxg5 23.Nxh4 gxh4
24.Rxg6 e5 25.f5 Rxf5 26.Bg4 Rf6 27.Bg5 Qf7 28.Bxf6 Qxg6 29.Bxh4 Nf6 30.Bxf6 Qxf6
31.Qf3 e4 32.dxe4 Rxe4 33.Qxf6 gxf6 34.Bf3 Re5 35.Rd1 Ne7 36.Kf2 Kf7 37.Ne3 Ke6
38.h4 f5 39.h5  1-0

[Event "9th Davos Open"]
[Site "Davos SUI"]
[Date "2011.08.07"]
[Round "1.10"]
[White "James,Dav"]
[Black "Kiechl,S"]
[Result "1/2-1/2"]
[WhiteElo "2142"]
[BlackElo "1860"]

1.e4 c5 2.Nf3 d6 3.Bb5+ Nd7 4.O-O a6 5.Bxd7+ Bxd7 6.h3 e6 7.Re1 Ne7 8.d4 cxd4
9.Qxd4 Nc6 10.Qd3 Be7 11.c4 Qc7 12.Nc3 O-O 13.b3 Rac8 14.Ba3 Rfd8 15.Qe3 Be8
16.Bb2 Ne5 17.Nd4 Qc5 18.f4 Nc6 19.Nd5 exd5 20.exd5 Bf6 21.dxc6 Bxc6 22.Nxc6 Qxe3+
23.Rxe3 Bxb2 24.Ne7+ Kf8 25.Rd1 Rc5 26.Re2 Ba3 27.g4 b5 28.cxb5 axb5 29.Nf5 d5
30.Nd4 b4 31.Kf2 Rc3 32.h4 Re8 33.Rxe8+ Kxe8 34.Re1+ Kf8 35.Re5 Rc5 36.h5 Bb2
37.Ke3 Rc3+ 38.Ke2 Rc5 39.Ke3 Rc3+ 40.Ke2  1/2-1/2

[Event "Valoz Cup GM1"]
[Site "Olomouc CZE"]
[Date "2011.08.07"]
[Round "5"]
[White "Andreev,Ed UKR"]
[Black "Antipov,M2"]
[Result "1/2-1/2"]
[WhiteElo "2458"]
[BlackElo "2407"]

1.e4 c5 2.Nf3 d6 3.Bb5+ Bd7 4.Bxd7+ Qxd7 5.c4 Nc6 6.Nc3 g6 7.d4 cxd4 8.Nxd4 Bg7
9.Be3 Nf6 10.f3 O-O 11.O-O a6 12.a4 Rac8 13.Nde2 Qd8 14.b3 Qa5 15.Qd2 Rfd8
16.Rab1 e6 17.Rfd1 Nd7 18.Bg5 Re8 19.Na2 Qc5+ 20.Kf1 Qa3 21.Nac1 a5 22.Nc3 Bxc3
23.Qxc3 Qc5 24.Qd2 f6 25.Bf4 Qh5 26.Bxd6 Nde5 27.Qf4 Kf7 28.Bxe5 Qxe5 29.Qxe5 Nxe5
30.Nd3 Nc6 31.Nf4 Red8 32.Kf2 Nd4 33.Ne2 Nc6 34.Nc3 Ke7 35.Nb5 Nb4 36.Ke2 Na6
37.h3 Nc5 38.Rxd8  1/2-1/2

[Event "FSFMA2 August"]
[Site "Budapest HUN"]
[Date "2011.08.08"]
[Round "3"]
[White "Juracsik,J"]
[Black "Letay,G"]
[Result "1/2-1/2"]
[WhiteElo "2193"]
[BlackElo "2020"]

1.e4 c5 2.Nf3 d6 3.Bb5+ Nc6 4.O-O Bd7 5.c3 Nf6 6.Re1 a6 7.Bf1 Bg4 8.d3 g6
9.h3 Bxf3 10.Qxf3 Bg7 11.a4 O-O 12.Na3 b5  1/2-1/2

[Event "20th ZMDI Open A"]
[Site "Dresden GER"]
[Date "2011.08.08"]
[Round "3.21"]
[White "Fruebing,T"]
[Black "Gottschlich,C"]
[Result "0-1"]
[WhiteElo "2187"]
[BlackElo "2350"]

1.e4 c5 2.Nf3 d6 3.Bb5+ Bd7 4.Bxd7+ Qxd7 5.O-O Nf6 6.Re1 Nc6 7.c3 e6 8.d4 d5
9.exd5 Qxd5 10.Qa4 Be7 11.Be3 O-O 12.Nbd2 Rfd8 13.dxc5 Bxc5 14.Bxc5 Qxc5
15.Nb3 Qb6 16.Rad1 h6 17.Nfd4 Rd5 18.Nxc6 bxc6 19.Rxd5 cxd5 20.Qa5 Qb7 21.Re2 Ne4
22.h3 Rc8 23.Nd4 Nd6 24.Qa4 Nc4 25.Qc2 Rb8 26.b3 Nd6 27.Qd3 Rc8 28.Rc2 Rc5
29.a4 a6 30.b4 Rc4 31.Nb3 Qc8 32.Na5 Rc7 33.c4 Nxc4 34.Nxc4 Rxc4 35.Rxc4 dxc4
36.Qc3 Qc6 37.Kf1 Qxa4 38.Ke2 Qc6 39.Kd2 Qd5+ 40.Kc1 Qd3 41.Kb2 Kf8 42.g3 Qxc3+
43.Kxc3 Ke7 44.Kxc4 Kd6 45.b5 axb5+ 46.Kxb5  0-1

[Event "Olomouc FIDE Open"]
[Site "Olomouc CZE"]
[Date "2011.08.08"]
[Round "6.15"]
[White "Schmid,T1"]
[Black "Navratil,Ji3"]
[Result "1-0"]
[WhiteElo "2190"]
[BlackElo "2043"]

1.e4 c5 2.Nf3 d6 3.Bb5+ Bd7 4.Bxd7+ Qxd7 5.c4 Nc6 6.Nc3 g6 7.d4 cxd4 8.Nxd4 Bg7
9.Be3 Nf6 10.h3 Rc8 11.b3 O-O 12.O-O a6 13.a4 e6 14.Rc1 Rfd8 15.Qf3 Qc7 16.Nxc6 bxc6
17.Bg5 Qe7 18.e5 dxe5 19.Ne4 h6 20.Bxf6 Bxf6 21.Nxf6+ Kg7 22.Ng4 Qg5 23.Rce1 f6
24.Qe3 Qxe3 25.Nxe3 Rd3 26.Rb1 Rb8 27.b4 f5 28.Rfd1 Rd4 29.b5 cxb5 30.axb5 axb5
31.cxb5 Kf6 32.b6 Ke7 33.Rxd4 exd4 34.Nc4 Kd7 35.b7 Kc7 36.Na5 e5 37.Rc1+ Kd7
38.Rc5 e4 39.Rd5+ Kc7 40.Rxd4 Kb6 41.Rd5 Re8 42.g3 Rf8 43.Kf1 g5 44.Rxf5  1-0

[Event "Baku Open A"]
[Site "Baku AZE"]
[Date "2011.08.09"]
[Round "4"]
[White "Iordachescu,V"]
[Black "Izzat,Kanan Azar oglu"]
[Result "1-0"]
[WhiteElo "2646"]
[BlackElo "2185"]

1.e4 c5 2.Nf3 d6 3.Bb5+ Bd7 4.Bxd7+ Qxd7 5.O-O Nc6 6.c3 Nf6 7.Qe2 e5 8.Rd1 Be7
9.d4 Qg4 10.d5 Nb8 11.Nbd2 Nh5 12.Nc4 O-O 13.Nd4 Qxe2 14.Nxe2 Nd7 15.g4 Nhf6
16.f3 Rfd8 17.Be3 Nb6 18.Na5 Rd7 19.b4 Na4 20.bxc5 Nxc5 21.Bxc5 dxc5 22.Rab1 b6
23.Nc4 Bd6 24.a4 Rb8 25.Nc1 Ne8 26.Nd3 f6 27.Rb3 Bf8 28.Rdb1 Nc7 29.Kf2 Rc8
30.Ke2 Rcd8 31.h4 g6 32.g5 Nxd5 33.exd5 Rxd5 34.Nf2 f5 35.a5 bxa5 36.Rb7  1-0

[Event "50th World Juniors"]
[Site "Chennai IND"]
[Date "2011.08.09"]
[Round "7.1"]
[White "Rombaldoni,Ax"]
[Black "Ter Sahakyan,S"]
[Result "1/2-1/2"]
[WhiteElo "2459"]
[BlackElo "2558"]

1.e4 c5 2.Nf3 d6 3.Bb5+ Nc6 4.O-O Bd7 5.Re1 Nf6 6.h3 a6 7.Bf1 g5 8.d4 g4
9.d5 Ne5 10.Nxe5 dxe5 11.h4 Bg7 12.g3 O-O 13.c4 Ne8 14.Be3 Rc8 15.Nc3 Nd6
16.h5 Kh8 17.h6 Bf6 18.a4 Rg8 19.Qd2 a5 20.Bd3 Rg6 21.Kg2 Qg8 22.Rh1 Bg5
23.Rh5 Bxe3 24.Qxe3 f6 25.Qd2 Qd8 26.Nd1 Qb6 27.Ne3 Rcg8 28.Qc2 Qd8 29.Rah1 Qe8
30.b3 b6 31.R5h4 Rg5 32.Kf1 R8g6 33.Ng2 Qf8 34.Ne3 Rg8 35.Kg2 Qf7 36.Qd1 Qg6
37.Qc2 Rf8 38.R1h2 Kg8 39.Kf1 Kf7 40.Ke1 Ke8 41.Kd1 Kd8 42.Kc1 Kc7 43.Kb2 Qe8
44.Ka3 Rfg8 45.Qd1 Qf8 46.Rh5 Qf7 47.Qh1 Rxh5 48.Rxh5 Rg5 49.Rh4 Qg6 50.Bc2 Be8
51.Nf5 Nxf5 52.exf5 Qg8 53.d6+ exd6 54.Be4 Bd7 55.Rh5 Rxh5 56.Qxh5 Bc6 57.Bxc6 Kxc6
58.Qh4 Qf8 59.Qh1+ Kc7 60.Kb2 e4 61.Qxe4 Qxh6 62.Kc2 Qh2 63.Qe7+  1/2-1/2

[Event "29th World Junior Girls"]
[Site "Chennai IND"]
[Date "2011.08.10"]
[Round "8.7"]
[White "Saranya,J"]
[Black "Kazimova,N"]
[Result "0-1"]
[WhiteElo "2121"]
[BlackElo "2292"]

1.e4 c5 2.Nf3 d6 3.Bb5+ Nd7 4.c3 Nf6 5.d3 g6 6.O-O Bg7 7.h3 O-O 8.Ba4 Qc7
9.Qe2 a6 10.Re1 b5 11.Bc2 Bb7 12.Nh2 e5 13.Nd2 d5 14.Ndf1 dxe4 15.dxe4 c4
16.Ng3 Nc5 17.Bg5 Ne6 18.h4 Nf4 19.Qf3 Rfe8 20.Ne2 N6h5 21.g3 Nh3+ 22.Kg2 Nxg5
23.hxg5 Qe7 24.Qe3 f5 25.gxf6 Nxf6 26.Rad1 Qc7 27.f3 Bf8 28.Ng1 Qc5 29.Qe2 Rad8
30.Nh3 Qb6 31.Rxd8 Rxd8 32.Rd1 Rxd1 33.Bxd1 Bc5 34.b3 cxb3 35.Bxb3+ Kg7 36.Ng5 Bc8
37.Nf7 a5 38.Nxe5 a4 39.Bd1 Qe6 40.Neg4 h5 41.Nf2 Bd7 42.g4 Bc6 43.Nd3 Bb6
44.g5 Nh7 45.Qd2 Bc7 46.Nf1 Qe7 47.Nb4 Bb7 48.Nd5 Bxd5 49.Qxd5 Nxg5 50.Qxb5 Ne6
51.Bxa4 Nf4+ 52.Kg1 Bb6+ 53.Kh1 Qh4+ 54.Nh2 Qg3 55.Qe5+ Kh6 56.Ng4+ hxg4
57.Qh8+ Kg5 58.Qe5+ Kh4 59.Qf6+ Kh3 60.Qh8+ Nh5  0-1

[Event "9th Davos Open"]
[Site "Davos SUI"]
[Date "2011.08.10"]
[Round "4.4"]
[White "Ferguson,M"]
[Black "Capraro,L"]
[Result "1/2-1/2"]
[WhiteElo "2379"]
[BlackElo "2112"]

1.e4 c5 2.Nf3 d6 3.Bb5+ Nc6 4.Bxc6+ bxc6 5.O-O e5 6.c3 Bg4 7.h3 Bxf3 8.Qxf3 Ne7
9.d3 Ng6 10.Be3 Rb8 11.b3 Be7 12.d4 cxd4 13.cxd4 O-O 14.Nc3 Qd7 15.Rad1 f5
16.dxe5 f4 17.Bd4 Qe6 18.exd6 Bxd6 19.Qg4 Qe7 20.h4 Be5 21.Qg5 Rf6 22.h5 Bxd4
23.Rxd4 Ne5 24.Rfd1 Nf3+ 25.gxf3 Rg6 26.Qxg6 hxg6 27.hxg6 Qg5+ 28.Kf1 Qxg6
29.Ke2 Qf6 30.R1d3 Re8 31.Na4 Re5 32.Rd6 Re6 33.Rd8+ Kh7 34.Nc5 Re7 35.R8d6 Qa1
36.Ne6 Qxa2+ 37.Rd2 Qa6+ 38.R2d3 Qa2+ 39.Rd2 Qa6+ 40.R2d3 Qa2+ 41.Rd2  1/2-1/2

[Event "CECLUB Div2 Gp1"]
[Site "Padron ESP"]
[Date "2011.08.10"]
[Round "1"]
[White "Lopez Gracia,F"]
[Black "Medarde Santiago,L"]
[Result "1/2-1/2"]
[WhiteElo "2325"]
[BlackElo "2018"]

1.e4 c5 2.Nf3 d6 3.Bb5+ Bd7 4.Bxd7+ Qxd7 5.c4 Nf6 6.Nc3 g6 7.d4 cxd4 8.Nxd4 Bg7
9.f3 O-O 10.Be3 Nc6 11.O-O e6 12.Rc1 Rfd8 13.Qd2 d5 14.exd5 exd5 15.c5 Nxd4
16.Bxd4 Ne4 17.Qd3 Bxd4+ 18.Qxd4 Nxc3 19.Rxc3 Rac8 20.Rd1 Qb5 21.b4 a5 22.a3 axb4
23.axb4 Ra8 24.Re3 Ra4 25.Rb1 Re8 26.h4 Rxe3 27.Qxe3 Rxb4 28.Rxb4 Qxb4 29.Qe8+ Kg7
30.Qe5+ Kg8 31.Qe8+ Kg7 32.Qe5+ Kg8  1/2-1/2

[Event "4th Sabadell Open A"]
[Site "Sabadell ESP"]
[Date "2011.08.10"]
[Round "1"]
[White "Ridameya Tatche,J"]
[Black "Jimenez Fraga,P"]
[Result "0-1"]
[WhiteElo "2072"]
[BlackElo "2464"]

1.e4 c5 2.Nf3 d6 3.Bb5+ Nd7 4.a4 Nf6 5.e5 dxe5 6.Nxe5 a6 7.Bxd7+ Nxd7 8.Nxd7 Bxd7
9.O-O Bc6 10.Nc3 e6 11.d3 Qh4 12.Qe2 Bd6 13.h3 Rd8 14.Re1 h6 15.Ne4 O-O 16.Nxd6 Rxd6
17.Be3 Rd5 18.f3 a5 19.Qf2 Qe7 20.Bd2 b6 21.Qg3 Kh7 22.Re5 Qd6 23.Bf4 f6
24.Rxd5 Qxd5 25.Qf2 Rf7 26.b3 e5 27.Be3 f5 28.Qd2 Rf6 29.Qe2 Rg6 30.Rf1 Bd7
31.Bd2 Qd4+ 32.Qf2 Qb2 33.Bc1 Qc3 34.Qd2 Qd4+ 35.Qf2 Qd5 36.Qe2 Bc6 37.Be3 Rg3
38.Bf2 Rg5 39.Be3 Rg6 40.Bd2 e4 41.dxe4 fxe4 42.fxe4 Qxe4 43.Rf2 Qxc2 44.Qe3 Bd5
45.h4 Qxb3 46.h5 Qd1+ 47.Be1 Qxh5 48.Qd3 Qe5 49.Bc3 Qe4 50.Qd2 Bc6 51.Re2 Qxa4
52.Qd3 Bb5  0-1

[Event "Baku Open A"]
[Site "Baku AZE"]
[Date "2011.08.11"]
[Round "6"]
[White "Iordachescu,V"]
[Black "Cheparinov,I"]
[Result "1/2-1/2"]
[WhiteElo "2646"]
[BlackElo "2669"]

1.e4 c5 2.Nf3 d6 3.Bb5+ Nd7 4.O-O a6 5.Bxd7+ Bxd7 6.d4 cxd4 7.Qxd4 Rc8 8.a4 e5
9.Qd3 Qc7 10.Nc3 Qc4 11.Nd2 Qxd3 12.cxd3 Be6 13.Nf3 Nf6 14.d4 d5 15.exd5 Nxd5
16.Nxd5 Bxd5 17.Nxe5 f6 18.Nd3 Kf7 19.Bd2 Bd6  1/2-1/2